000 00429nam a22001697a 4500
003 OSt
008 250217b |||||||| |||| 00| 0 eng d
020 _a0-07-451859-3
041 _aeng
082 _a005.133
_bRAM/PR
100 _aRam Kumar
_97166
245 _aProgramming with ForTran 77
250 _a19th Reprint
260 _aNew Delhi:
_bTata McGraw-Hill Publishing Company Ltd,
_c1998.
300 _a386p.
942 _cBK
999 _c19396
_d19396